000 00430nam a22001577a 4500
999 _c4088
_d4088
008 200716b ||||| |||| 00| 0 eng d
082 0 0 _a623.87236
_bL2181
100 _9785
_aLamb, John
245 1 0 _aRunning and Maintenance of the marine diesel engine
_cby John. Lamb
250 _a4th ed.
260 _aLondon
_bCharles Griffin & Co
_c1950
300 _a150 p.
365 _d19.03
650 0 _aMarine Diesel Motors
942 _cBK